00417nam a22001577a 450000500170000001000150001702000260003203500140005803700130007208200120008510000090009724500330010626000420013927000550018130000230023620170518152535.0 aENG-118239 a9788128838002c395.00 aEN-101771 bDBAD/PUB a181.499 aOsho aSermons in stones /cby Osho aNew DelhibDiamond Pocket Booksc2012 ax-30, Okhla Industrial Area, Phase-2, New Delhi-20 a565p.c21cm. (pbk)